000 00465nam a2200169Ia 4500
008 230524s9999 xx 000 0 und d
082 _a5
_bFOL
100 _aMichael J.Folk
_924727
245 0 _aFile Structures (An Object-Oriented Approach with C++)
250 _a16TH
260 _aNEW DELHI
_bPearson
_c2006
300 _aVIII;312
500 _aQuantity Number: 1
650 _aComp-Sc
700 _a" Bill Zoellick , Greg Riccardi,,,"
_924728
942 _cBK
999 _c36614
_d36614